Score 0/12 Timer 03:00
0 Plays Today
Hint Missing Word % Correct
Never ____ Me GoLet
96.6%
Never Gonna ____ You UpGive
95.8%
The Neverending ____Story
93.7%
Never a ____ MomentDull
92.6%
We Are Never Ever Getting Back ____Together
91.6%
Always the ____, Never the BrideBridesmaid
91.6%
Tomorrow Never ____Dies
90.1%
Never Say Never ____Again
87.7%
It Never Rains in Southern ____California
74.2%
Wall Street: Money Never ____Sleeps
61.3%
____ to Never LandReturn
56.7%
Never ____ OverReally
15.9%

Today's Daily Dose

Remove Ads.
Support Sporcle.
Get the best of Sporcle when you Go Orange. This ad-free experience offers more features, more stats, and more fun while also helping to support Sporcle. Thank you for becoming a member.

You're not logged in!

Compare scores with friends on all Sporcle quizzes.
OR
Log In

Show Comments

Extras

Top Quizzes Today


Score Distribution

Your Account Isn't Verified!

In order to create a playlist on Sporcle, you need to verify the email address you used during registration. Go to your Sporcle Settings to finish the process.

Report this User

Report this user for behavior that violates our Community Guidelines.

Details: